000 00313nam a22001337a 4500
008 171013b xxu||||| |||| 00| 0 eng d
020 _a9780697244550
041 _aeng
080 _27TH
_a316
100 _a51
101 _aSOC
245 _aSOCIAL PROBLEMS AND THE QUALITY OF LIFE
_cLAUER,R.H
942 _2udc
_cBK
999 _c33748
_d33748